000 00694nam a2200253Ia 4500
003 OSt
005 20221005123540.0
006 a|||||r|||| 00| 0
007 ta
008 221004b |||||||| |||| 00| 0 eng d
024 _a51670
037 _cTextual
040 _aCRL
_cCRL
_beng
041 _2eng
_aeng
082 _aQ4:33, H8;1-;2
100 _aCoomaraswamy Ananda k.
245 0 _aLiving thoughts of Gautma the Buddha
260 _c1948
490 _a(Living thought library,ed. by Alfred O.Mendel,26).
650 _aRELIGION
700 _a Horner I.B.
942 _hQ4:33, H8;1-;2
_cTEXL
_2cc
999 _c1047757
_d1047757